Facts About Every Flag in the Americas - Statistics

General Stats
  • This quiz has been taken 34 times
  • The average score is 15 of 35
Answer Stats
Picture Hint Answer % Correct
What do the stars represent on the US flag? States
97%
What bird is depicted on the coat of arms of Mexico? Eagle
90%
What is Canada's national emblem for more than 150 years? Maple leaf
87%
The trident on the flag of Barbados is the emblem of which sea god? Neptune
70%
The Sun of May on the flag of Uruguay comes from the flag of which other country? Argentina
67%
What Andean bird is depicted on the coat of arms of Ecuador? Condor
63%
What does green represent on the Brazilian flag? Rain {forest}
63%
Blue color on Colombian flag represents independence from what country? Spain
63%
What does "V" formed by diamond represents on St. _____ & the Grenadines flag? St. {Vincent}
63%
What do the stars and quarters represent on the Panamanian flag? Two main {political} parties
63%
The red and white on the Peruvian flag are said to be the colors of which empire? Inca
60%
What sea does blue represent on the Bahamian flag? Caribbean Sea
57%
Red, white and blue on Costa Rican flag recall the colors of what flag? {French} Tricolore
53%
What bird is depicted on the coat of arms of Guatemala? Quetzal
53%
What endangered bird is featured on the Dominica flag? Sisserou {parrot}
53%
What heritage represents black color on the St. Kitts & Nevis flag? African
50%
What royal tree symbolizes independence on the Haitian flag? Palm tree
50%
The blue and white on the Chilean flag represent clear sky and the snow of which mountains? Andes
47%
What ground spice featured on the flag is most famous product of Grenada? Nutmeg
43%
What does yellow represent on the Jamaican flag? Sun shining
37%
What is the Cuban flag referred to? {Lone} Star flag
33%
What do five stars represent on the flag of Honduras? United Provinces of Central America
33%
What does V-shape symbolize on the Antigua & Barbuda flag? V{ictory}
33%
Blue and red on Dominican flag are taken from what country's flag that once controlled them? Haitian
27%
What does the star represent on the flag of Suriname? Unity and h{ope}
27%
What is Guayanan flag known as? {Golden} Arrow
23%
What represents national freedom on Nicaraguan flag? {Cap} of Liberty
20%
What symbol of South American freedom is on the flag of Paraguay? Star of {May}
17%
What tree represent the logging industry on the Arms of Belize? Mahogany
13%
What twin peaks are featured on the flag of St. Lucia? Pitons
13%
What are the five peaks on the Arms of El Salvador representing the original united provinces? Volcanoes
13%
Which liberation leader invented the flag of Venezuela? Francisco de {Miranda}
10%
What does yellow reflects on Bolivia's flag? M{ineral} reserves
10%
What does black symbolizes on the Trinidadian flag? The s{trength} of the people
10%
Which revolutionary formed the flag of Argentina? Manuel B{elgrano}
7%
No matching quizzes found
Score Distribution
Percent of People with Each Score
Percentile by Number Answered
Your Score History
You have not taken this quiz